An introduction to physical chemistry / (Record no. 3878)

MARC details
000 -LEADER
fixed length control field 00668nam a2200229 4500
003 - CONTROL NUMBER IDENTIFIER
control field OSt
005 - DATE AND TIME OF LATEST TRANSACTION
control field 20160505184555.0
008 - FIXED-LENGTH DATA ELEMENTS--GENERAL INFORMATION
fixed length control field 160505b xxu||||| |||| 00| 0 eng d
020 ## - INTERNATIONAL STANDARD BOOK NUMBER
International Standard Book Number 8122415601
040 ## - CATALOGING SOURCE
Transcribing agency 040a
082 ## - DEWEY DECIMAL CLASSIFICATION NUMBER
Classification number 541
Item number DAS 2005
100 ## - MAIN ENTRY--PERSONAL NAME
Personal name Das, Ishwar
9 (RLIN) 8510
245 ## - TITLE STATEMENT
Title An introduction to physical chemistry /
Statement of responsibility, etc. Ishwar Das, Archana Sharma, Namita Rani Agrawal
250 ## - EDITION STATEMENT
Edition statement 2nd.ed
260 ## - PUBLICATION, DISTRIBUTION, ETC. (IMPRINT)
Place of publication, distribution, etc. New Delhi
Name of publisher, distributor, etc. New Age International
Date of publication, distribution, etc. 2005
300 ## - PHYSICAL DESCRIPTION
Extent xiii, 347p;
Other physical details ill :
Dimensions 12 cm
504 ## - BIBLIOGRAPHY, ETC. NOTE
Bibliography, etc Includes index
650 ## - SUBJECT ADDED ENTRY--TOPICAL TERM
Topical term or geographic name as entry element Physical chemistry
9 (RLIN) 1450
700 ## - ADDED ENTRY--PERSONAL NAME
Personal name Sharma, Archana
9 (RLIN) 8511
700 ## - ADDED ENTRY--PERSONAL NAME
Personal name Agrawal, Namita Rani
9 (RLIN) 8512
942 ## - ADDED ENTRY ELEMENTS (KOHA)
Source of classification or shelving scheme Dewey Decimal Classification
Koha item type Short Loan
Holdings
Withdrawn status Lost status Source of classification or shelving scheme Damaged status Not for loan Home library Current library Date acquired Inventory number Total Checkouts Full call number Barcode Date last seen Price effective from Koha item type
    Dewey Decimal Classification     MUST Main Library MUST Main Library 05/05/2016 2011/34263   541 DAS 2005 2016-1583 05/05/2016 05/05/2016 Short Loan